00382nam a2200133Ia 450000500170000000800410001702000150005808200130007310000210008624500690010726000090017630000130018550000500019820250624012412.0240331s9999 xx 000 0 und d a9559581104 bWIJa335 aWijegunasinghe,P 0aSucharitha gamlathta erehiva maxwadee kala vicharaye muuladharma c1995 a336 p ., aA book on Principles of Marxist Art Criticism